Get the Picture: Fish or Bird Quiz Stats

 Plays Quiz Updated May 2, 2019

Score 0/20 Timer 02:30
2 Plays Today
Question Answer Wrong Answers
Guppy Fish
95.4%
Bird
2%
Snapper Fish
94.7%
Bird
2.7%
Pike Fish
93.6%
Bird
3.7%
Grouper Fish
92.8%
Bird
4.4%
Swift Bird
90.8%
Fish
6.3%
Cassowary Bird
88.2%
Fish
9.2%
Starling Bird
87.8%
Fish
9.1%
Pollock Fish
86.2%
Bird
10.9%
Perch Fish
83.4%
Bird
14.1%
Skate Fish
80.6%
Bird
16.5%
Auk Bird
79.7%
Fish
17.6%
Kite Bird
76.9%
Fish
20.2%
Kingfisher Bird
76.7%
Fish
21%
Jackdaw Bird
76.1%
Fish
21.2%
Flycatcher Bird
75.4%
Fish
22%
Ptarmigan Bird
74.7%
Fish
22.4%
Molly Fish
68.9%
Bird
28.3%
Teal Bird
65.8%
Fish
31.5%
Wahoo Fish
61.9%
Bird
35.2%
Wrasse Fish
56.7%
Bird
40.6%

Today's Daily Dose

Missing Word
Video Games (A-Z)

Get the Picture
Tom Hanks

You're not logged in!

Compare scores with friends on all Sporcle quizzes.
OR
Log In

Sporcle TV

Today on Sporcle TV


Watch our educational content, quiz creation guides, and fun videos on Sporcle TV.

Show Comments

Extras

Top Quizzes Today


Score Distribution

Your Account Isn't Verified!

In order to create a playlist on Sporcle, you need to verify the email address you used during registration. Go to your Sporcle Settings to finish the process.

Report this User

Report this user for behavior that violates our Community Guidelines.

Details: